[Event "Valinhos LCX 8th"]
[Site "Valinhos"]
[Date "2008.07.03"]
[Round "3"]
[White "De Moraes, Francisco Jose Baen"]
[Black "Rosa, Marcio Carlos"]
[Result "1-0"]
[WhiteElo "1953"]
[BlackElo "1931"]
[PlyCount "81"]
[EventDate "2008.07.03"]
[EventType "tourn"]
[EventRounds "14"]
[EventCountry "BRA"]
[SourceTitle "EXT 2022"]
[Source "ChessBase"]
[SourceDate "2021.10.06"]
[SourceVersion "1"]
[SourceVersionDate "2021.10.06"]
[SourceQuality "1"]

1. d4 d5 2. Nf3 Nf6 3. c4 c6 4. Nc3 e6 5. e3 Nbd7 6. cxd5 exd5 7. Bd3 Be7 8. 0-0 0-0 9. Qc2 Re8 10. Bd2 Nf8 11. Ne2 Bd6 12. Ng3 Qe7 13. Nf5 Bxf5 14. Bxf5 Ne4 15. g3 Qf6 16. Bxe4 dxe4 17. Ne5 Bxe5 18. dxe5 Qxe5 19. Bc3 Qe6 20. b3 Qg4 21. Rad1 Re6 22. Rd4 Qf3 23. Qd1 Qxd1 24. Rfxd1 c5 25. Rd8 Re8 26. Rxa8 Rxa8 27. Rd5 Rc8 28. Re5 Ne6 29. Rxe4 b5 30. Kf1 b4 31. Bd2 Rc6 32. Rc4 a5 33. f4 f5 34. Ke2 Kf7 35. Be1 Ra6 36. Bf2 a4 37. e4 axb3 38. axb3 Ra2+ 39. Ke1 fxe4 40. Rxe4 c4 41. Rxc4 1-0

[Event "Valinhos LCX 8th"]
[Site "Valinhos"]
[Date "2008.07.03"]
[Round "4"]
[White "Rosa, Marcio Carlos"]
[Black "Chih, Lee Hung"]
[Result "1/2-1/2"]
[WhiteElo "1931"]
[BlackElo "1994"]
[PlyCount "49"]
[EventDate "2008.07.03"]
[EventType "tourn"]
[EventRounds "14"]
[EventCountry "BRA"]
[SourceTitle "EXT 2022"]
[Source "ChessBase"]
[SourceDate "2021.10.06"]
[SourceVersion "1"]
[SourceVersionDate "2021.10.06"]
[SourceQuality "1"]

1. d4 Nf6 2. Bg5 e6 3. Nf3 d5 4. e3 h6 5. Bh4 Bd6 6. Bd3 Nc6 7. 0-0 e5 8. Bb5 e4 9. Ne5 Bd7 10. Nxd7 Qxd7 11. Bxf6 gxf6 12. c4 Qf5 13. f4 dxc4 14. Qa4 Rg8 15. Bxc6+ bxc6 16. Qxc6+ Ke7 17. Nc3 Rab8 18. Qxe4+ Qxe4 19. Nxe4 Rxb2 20. Rf2 Rgb8 21. a4 f5 22. Nc3 Rxf2 23. Kxf2 Rb2+ 24. Kf3 Bb4 25. Rc1 1/2-1/2

[Event "Valinhos LCX 8th"]
[Site "Valinhos"]
[Date "2008.07.03"]
[Round "6"]
[White "Rosa, Marcio Carlos"]
[Black "Goncalves, Marcus Vinicius M"]
[Result "1/2-1/2"]
[WhiteElo "1931"]
[BlackElo "1790"]
[PlyCount "40"]
[EventDate "2008.07.03"]
[EventType "tourn"]
[EventRounds "14"]
[EventCountry "BRA"]
[SourceTitle "EXT 2022"]
[Source "ChessBase"]
[SourceDate "2021.10.06"]
[SourceVersion "1"]
[SourceVersionDate "2021.10.06"]
[SourceQuality "1"]

1. d4 Nf6 2. Bg5 g6 3. Bxf6 exf6 4. e3 d5 5. c4 Bg7 6. Nc3 dxc4 7. Bxc4 0-0 8. Nf3 f5 9. 0-0 Nd7 10. b4 c6 11. Qc2 a5 12. a3 Qe7 13. Rab1 axb4 14. axb4 Nf6 15. Ne5 Nh5 16. f4 g5 17. Qe2 g4 18. Rfe1 Be6 19. Bd3 Ra3 20. Qc2 Qd6 1/2-1/2